Incollable - Citoyenneté - Statistiques

Statistiques générales
  • Ce quiz a été pris 247 fois
  • Le résultat moyen est 14 sur 20
Statistiques - réponses
Niveau Questions Réponses % Correct
Collège À partir de quel âge peut-on être candidat à des élections cantonales ? 18 ans
100%
CM2 À partir de quel âge pouvons nous voir l’ensemble des films qui passent au cinéma ? À partir de 18 ans
100%
CE2 De quel couleur sont les panneaux en cas de travaux ? Jaunes
92%
CM1 Mon premier n’est pas propre.On respire mon second. Mon tout est versé aux travailleurs. Le salaire
92%
Collège Qui a été élu Président de la République en 2007 ? Nicolas Sarkozy
90%
CE1 À partir de quel âge les enfants ont normalement le droit de s’asseoir à l’avant d’une voiture ? 10 ans
89%
CM2 Je me gonfle pour protéger le passager en cas d’accident de voiture. Que suis-je ? L’airbag | Cousin gonflable
89%
CP Que ne doit-on pas couper à une personne qui parle ? La parole
89%
CP Que crie-t-on si on est en danger ? Au secours | À l’aide
88%
CP En sept lettres, commençant par L: il faut l’éteindre en sortant d’une pièce. La lumière
88%
CE2 Qui célèbre le mariage civil ? Le maire
88%
CE1 En France, qui nomme les ministres ? Le Président de la République
88%
CE1 Dans une adresse, comment appelle-t-on le numéro qui précède le nom de la ville ? Le code postal
87%
CP En ville, comment appelle-t-on l’endroit prévue pour traverser la rue à pied ? Le passage pour piéton
85%
CM2 En France, à partir e quel âge pouvons-nous être condamné à une peine de prison ? À 13 ans
84%
CE1 En six lettres commençant par P: mot d’excuse. Pardon
84%
CE1 En 8 lettres, personne qui se présente à des élections. Un candidat
84%
CM1 Qu’est ce que le « patois » ? Une langue | Un dialecte
84%
CM1 Si un chien mord, qui est le responsable ? Son maître
83%
CP Où attend-on le bus ? À l’arrêt de bus
81%
CM1 Quel code réunit l’ensemble des règles que doivent respecter les automobilistes ? Le Code de la Route
81%
CP Pour être poli, que met-on devant sa bouche quand on bâille ? Sa main
81%
CE2 Dans quelle école allons nous après le primaire ? Au collège
80%
CE2 Mon premier est un cercle.Mon second finit une phrase. Mon tout est une sorte de carrefour. Un rond-point
80%
Lycée Combien de chiffres comporte le numéro de Sécurité Sociale (sans la clé) ? 13 chiffres
79%
CM2 Mon premier est une note de musique.Dans un livre on tourne mon second. Mon tout est interdit en sport. Le dopage
79%
CM2 En montagne, en cas de risque élevé d’avalanche, de quelle couleur est le drapeau ? Noir
79%
Lycée Que signifie le sigle CHU ? Centre Hospitalier Universitaire
78%
CE1 Où peut-on acheter de l’essence ? Dans une station d’essence | Dans une station service
78%
CE2 Quel vêtement flottant qui sert de bouée doit-on porter sur un bateau ? Un gilet de sauvetage
77%
CP Comment appelle-t-on les tournants sur une route ? Les virages
76%
Lycée Dans quel délais doit-on déclarer une naissance à la mairie ? 3 jours
75%
CE1 Comment appelle-t-on l’ensemble des recherches effectuées par la police pour retrouver un criminel ? Une enquête judiciaire
75%
Collège Combien la France compte-t-elle de département d’outre-mer ? 5 (Guadeloupe, Martinique, Guyane, La Réunion et Mayotte)
74%
CM1 Que commet-on lorsqu’on ne respecte pas la loi ? Une infraction
74%
CM2 Que dresse un policier qui constate une infraction ? Un Procès Verbal
68%
Collège Comment appelle-t-on la fouille opérée par les policiers dans une maison ? La perquisition
63%
Collège Je suis un accord international signé entre deux ou plusieurs États. Que suis-je ? Un traité
63%
CM2 Quelle attestation signée par le médecin est exigé par les clubs de sport ? Un certificat médical
62%
CE2 En plastique, je suis un moyen de paiement. Que suis-je ? La Carte Bancaire
59%
Lycée Au bout de combien de temps une commande passée par Internet peut-elle être annulée ? 7 jours (à compter de la livraison de la commande)
57%
Collège Où attrape-t-on une maladie nosocomiale ? À l’hôpital
54%
CM2 Comment appelle-t-on les numéros de téléphone gratuits ? Un numéro Vert
54%
Lycée Dans quelle ville siège la Banque Centrale Européenne ? À Francfort (en Allemagne)
52%
Collège Que payent les adhérents à une association ? Des cotisations
50%
CM2 Comment appelle-t-on la zone monétaire regroupant les pays de l’Union Européenne qui ont adopté une monnaie unique ? La zone Euro
50%
CM1 Sur la route, au sol, comment est signalé le stop ? Par un trait continu
50%
CM2 Qui contrôle les bagages à l’aéroport ? Les douaniers
48%
Collège Comment appelle-t-on un achat dont le paiement s’effectue plus tard ? Un achat à crédit
48%
Lycée En mer, quel type de bateau à la priorité ? Le voilier (tant qu’il n’a pas de moteur)
35%
CM1 À l’arrière des voitures, quand s’allument les phares blancs ? Lorsqu’on recule
31%
CM1 Comment appelle-t-on les réunions de l’Assemblée Nationale ? Les séances
27%
Lycée Comment appelle-t-on l’ensemble des avocats auprès d’un même tribunal ? Le barreau
24%
Collège Combien de députés siègent à l’Assemblée Nationale ? 577
22%
Lycée Quelle est la devise de l’Union Européenne ? Unie dans la diversité
16%
Lycée Quel homme d’État français a créé la liberté syndicale en 1884 ? Pierre Waldeck-Rousseau
10%
Lycée Quel conservatoire protège les paysages maritimes de France ? Le Conservatoire du Littoral
8%
Aucun quiz correspondant
Distribution des résultats
% des personnes avec chaque résultat
Percentile par nombre de réponses
Votre historique - résultats
Vous n’avez pas pris ce quiz